000 00468nam a2200205Ia 4500
005 20250425161311.0
008 250425s9999 xx 000 0 und d
020 _a8428203040
041 _aspa
082 _a581
100 _aSUTCLIFFE, JAMES
245 0 _aLAS PLANTAS Y EL AGUA
250 _a1A ED.
260 _aBARCELONA
260 _aEspaƱa
_bEDICIONES OMEGA
_c1984
300 _a91
650 _aPLANTAS (BOTANICA)
942 _c01
010 _a17211
999 _c206430
_d206430